Images satellites - archipels - Statistiques

Statistiques générales
  • Ce quiz a été pris 154 fois
  • Le résultat moyen est 8 sur 16
Statistiques - réponses
Par images Réponse % Correct
Japon
98%
Philippines
74%
Hawaï
70%
Grandes {Antilles}
65%
Îles {Canaries}
65%
Malte
56%
Îles {Baléares}
55%
Terre de Feu
49%
Îles {Malouines}
48%
Fidji
45%
Îles {Féroé}
40%
Îles {Aléoutiennes}
37%
{Hébrides} extérieures
32%
Shetland
26%
Îles {Galápagos}
19%
Les Keys
17%
Aucun quiz correspondant
Distribution des résultats
% des personnes avec chaque résultat
Percentile par nombre de réponses
Votre historique - résultats
Vous n’avez pas pris ce quiz